| 000 | 00619nam a2200205 a 4500 | ||
|---|---|---|---|
| 005 | 20210219152916.0 | ||
| 008 | 991125n 000 0 eng u | ||
| 035 | _aUPN01000066794 | ||
| 100 | 1 | _aMarkham, P. L | |
| 222 | _aJOURNAL OF EDUCATIONAL TECHNOLOGY SYSTEMS | ||
| 245 | _aCaptioned television videotapes : effects of visual support on second language comprehension | ||
| 300 | _a183-191 | ||
| 362 | 0 | _a1992-1993 Vol. 21, no. 3 | |
| 653 | 0 | _aAPRENDIZAJE | |
| 653 | 0 | _aESTIMULO VISUAL | |
| 653 | 0 | _aGRABACION EN CINTAS DE VIDEO | |
| 653 | 0 | _aINGLES (LENGUA) | |
| 904 |
_aAC _b004605 |
||
| 905 | _aArticulo | ||
| 999 |
_c63660 _d63660 |
||